| 000 | 00790nam a22002297a 4500 | ||
|---|---|---|---|
| 999 |
_c5028 _d5028 |
||
| 003 | AR-CdUCM | ||
| 008 | 190311b ||||| |||| 00| 0 spa d | ||
| 040 |
_aMUNICIPALIDAD PROVINCIAL DEL CUSCO _cBIBLIOTECA MUNICIPAL DEL CUSCO |
||
| 041 | _heng | ||
| 082 |
_a979.5 / _bH21 |
||
| 100 |
_aParker Hanson, Earl _915361 |
||
| 245 |
_aTransformación : _bEl moderno Puerto Rico / |
||
| 260 |
_aMéxico : _bIntercontinental, _c1957. |
||
| 300 |
_a314 páginas ; _c23 cm. |
||
| 505 | _aTransformación -- La Colonia -- El Dolor del colonialismo -- La bancarrota del colonialismo -- Locura trágica... | ||
| 650 |
_aColonialismo _98132 |
||
| 650 |
_aEducación _9460 |
||
| 650 |
_aPuerto Rico _915362 |
||
| 700 |
_aTraducción : Victorino Pérez _915363 |
||
| 942 |
_2ddc _cLIBROS |
||
| 945 | _admma | ||